000 00897cam a22002414a 4500
001 12001393
005 20180308035551.0
008 000509s2000 caua b 001 0 eng
010 _a 00034671
020 _a0761525327
040 _aDLC
_cDLC
_dDLC
041 _aeng
042 _apcc
080 _a658.84 BRA
082 0 0 _a658.84 BRA
_221
100 1 _a58
101 _aBIZ
245 1 0 _aDeep branding on the Internet :
_cMarc Braunstein and Edward H. Levine.
504 _aIncludes bibliographical references (p. 362-370) and index.
906 _a7
_bcbc
_corignew
_d1
_eocip
_f20
_gy-gencatlg
942 _2ddc
_cBK
999 _c44399
_d44399